000
00259nam a2200097Ia 4500
082
_a
EF KOON
245
0
_a
The servants of twilight
100
_a
Koontz, Dean R. , 1945- London, 1991
_9
85672
942
_c
BK
008
210817s9999 xx 000 0 und d
999
_c
321224
_d
321223